Η κοινωνιολογία του εθνικισμού : οι αυριανοί μας πρόγονοι
Saved in:
| Main Author: | |
|---|---|
| Other Authors: | , , |
| Format: | Book |
| Language: | Greek English |
| Published: |
Αθήνα :
Ελληνικά Γράμματα,
2000.
|
| Subjects: | |
| Tags: |
Add Tag
No Tags, Be the first to tag this record!
|
MARC
| LEADER | 00000cam a2200000 i 4500 | ||
|---|---|---|---|
| 001 | 1/29256 | ||
| 008 | 021112s2000 gr | ||| |||| ||gre|| | ||
| 020 | |a 9603934852 | ||
| 035 | |l 10068765 | ||
| 040 | |a GR-MY-UA |b gre |e aacr | ||
| 041 | 1 | |a gre |h eng | |
| 082 | 7 | |a 320.54 |2 (22) | |
| 100 | 1 | |a McCrone, David. | |
| 245 | 1 | 2 | |a Η κοινωνιολογία του εθνικισμού : |b οι αυριανοί μας πρόγονοι / |c David McCrone ; μετάφραση: Νίκος Βαφέας, Γεώργιος Βάγιας ; επιστημονική επιμέλεια: Κωνσταντίνος Κοσκινάς. |
| 260 | |a Αθήνα : |b Ελληνικά Γράμματα, |c 2000. | ||
| 300 | |a 495 σ. ; |c 21 εκ. | ||
| 500 | |a Μετάφραση του: The sociology of nationalism. | ||
| 504 | |a Βιβλιογραφία : σ. [473]-495. | ||
| 650 | 0 | 0 | |a Nationalism. |
| 650 | 0 | 0 | |a Political sociology. |
| 650 | 0 | 0 | |a Sociology. |
| 650 | 0 | 0 | |a Ethnicity. |
| 700 | 1 | |a Βαφέας, Νίκος, |e trl | |
| 700 | 1 | |a Βάγιας, Γεώργιος, |e trl | |
| 700 | 1 | |a Κοσκινάς, Κωνσταντίνος, |e edt | |
| 852 | |a INST |b RHODES |e 20021112 |h 320.54 MCC |p 005400016049 |q 005400016049 |t BK |y 0 | ||
| 901 | |a BIBL4-2002-3 | ||
| 909 | |a Ρ |b 101484 | ||
| 922 | |a 4ΕΛΗ |b 200210 |c ΒΙΒΛΙΟΘΗΚΗ |d ΔΕΝΤΡΟ | ||
| 970 | |a ΚΟΥΛΑΚΙΟΤΗ |b ΛΙΤΣΑ |z 2002/12/04 | ||